header

Self-organization and autonomic informatics (I) (Record no. 181238)

MARC details
000 -LEADER
fixed length control field 01461nam a2200361Ia 4500
082 04 - DEWEY DECIMAL CLASSIFICATION NUMBER
Classification number 004
245 00 - TITLE STATEMENT
Title Self-organization and autonomic informatics (I)
260 ## - PUBLICATION, DISTRIBUTION, ETC. (IMPRINT)
Place of publication Amsterdam ;
-- Washington, DC :
Name of publisher IOS Press,
Year of publication c2005.
300 ## - PHYSICAL DESCRIPTION
Number of Pages xi, 382 p. :
Other physical details ill.
490 1# - SERIES STATEMENT
Series statement Frontiers in artificial intelligence and applications ;
650 #0 - SUBJECT ADDED ENTRY--TOPICAL TERM
Topical Term Adaptive computing systems.
Topical Term Artificial intelligence.
Topical Term Autonomic computing.
Topical Term Computational grids (Computer systems)
Topical Term Self-organizing systems.
700 1# - ADDED ENTRY--PERSONAL NAME
Personal name Czap, Hans.
856 40 - ELECTRONIC LOCATION AND ACCESS
Uniform Resource Identifier http://site.ebrary.com/lib/rucke/Doc?id=10130676

No items available.

© 2026 Rongo University
Contact us: librarian | system librarian | Rongo university